000
00293nam a22001337a 4500
008
180109b xxu||||| |||| 00| 0 eng d
020
_a
9780312600242
041
_a
eng
080
_a
37
100
_a
46
101
_a
EDU
245
_a
EVERYTHING'S AN ARGUMENT
_c
KINKADE,J
942
_2
udc
_c
BK
999
_c
39845
_d
39845